000 005790000a22001210004500
100 1 _aGaray, Juan Carlos
245 1 0 _aAlice adorada : El adiós a Alice Coltrane
300 _aVol.0, núm.17 (Febrero, 2007), Página 36
500 _aCrítico musical de Semana.
520 _aEn 1966 el mundo del jazz vivió una de sus más grandes polémicas : el gran John Coltrane, compositor de My favorite things, sacó del grupo al enorme pianista McCoy Tyner. ¿Su reemplazo? El amor de su vida que murió hace un mes.
773 0 _tArcadia / Andrés Felipe Solano, Editor
942 _cANA
999 _c61927
_d61927